000 01436nam a2200361Ia 4500
001 ebr10661674
003 CaPaEBR
006 m u
007 cr cn|||||||||
008 100930s2011 nyua sb 001 0 eng d
010 _z 2010041283
020 _z1617619922 (hardcover)
020 _z9781611223972
020 _z9781617619922 (hardcover)
040 _aCaPaEBR
_cCaPaEBR
035 _a(OCoLC)829387484
050 1 4 _aBF697.5.B63
_bB633 2011eb
082 0 4 _a155.9/1
_223
245 0 0 _aBody image
_h[electronic resource] :
_bperceptions, interpretations and attitudes /
_cSophia B. Greene, editor.
260 _aNew York :
_bNova Science Publishers,
_cc2011.
300 _axiv, 285 p. :
_bill.
490 1 _aPsychology of emotions, motivations and actions
504 _aIncludes bibliographical references and index.
533 _aElectronic reproduction.
_bPalo Alto, Calif. :
_cebrary,
_d2013.
_nAvailable via World Wide Web.
_nAccess may be limited to ebrary affiliated libraries.
650 0 _aBody image.
650 0 _aBody image
_xPsychological aspects.
650 0 _aBody image
_xSocial aspects.
655 7 _aElectronic books.
_2local
700 1 _aGreene, Sophia B.
710 2 _aebrary, Inc.
830 0 _aPsychology of emotions, motivations, and actions series.
856 4 0 _uhttp://site.ebrary.com/lib/rucke/Doc?id=10661674
_zAn electronic book accessible through the World Wide Web; click to view
999 _c65890
_d65890